Pokémon - Les attaques de Floréclat - Statistiques

Statistiques générales
  • Ce quiz a été pris 12 fois
  • Le résultat moyen est 11 sur 17
Statistiques - réponses
Niveaux Types Noms des attaques % Correct
Niveau 50 Poison Cradovague
100%
Départ Poison Pics Toxik
100%
Niveau 18 Roche Piège de Roc
100%
Départ Roche Anti-Air
86%
Niveau 22 Poison Choc Venin
86%
Niveau 39 Roche Rayon Gemme
86%
Niveau 33 Roche Éboulement
71%
Départ Roche Jet-Pierres
71%
Niveau 15 Roche Poliroche
71%
Départ Normal Armure
57%
Niveau 11 Roche Pouvoir Antique
57%
Niveau 26 Roche Tempête de Sable
57%
Départ Évolution Poison Toupie Éclat
57%
Niveau 44 Poison Acidarmure
43%
Niveau 7 Poison Bombe Acide
43%
Niveau 29 Normal Destruction
14%
Départ Plante Pico-Défense
14%
Aucun quiz correspondant
Distribution des résultats
% des personnes avec chaque résultat
Percentile par nombre de réponses
Votre historique - résultats
Vous n’avez pas pris ce quiz